Online katalóg knižníc regiónu Turca

Obžalovaná seďte! (Record no. 21486)

MARC details
000 -LEADER
fixed length control field 01285nam a2200433 a 4500
001 - CONTROL NUMBER
control field 21486
003 - CONTROL NUMBER IDENTIFIER
control field VRT
005 - DATE AND TIME OF LATEST TRANSACTION
control field 20260302141724.0
008 - FIXED-LENGTH DATA ELEMENTS--GENERAL INFORMATION
fixed length control field 170201s2016 xo d 000 fdslo d
020 ## - INTERNATIONAL STANDARD BOOK NUMBER
International Standard Book Number 9788081148187 (viaz.)
035 ## - SYSTEM CONTROL NUMBER
System control number a000576398
039 #9 - LEVEL OF BIBLIOGRAPHIC CONTROL AND CODING DETAIL [OBSOLETE]
Level of rules in bibliographic description 201712150808
Level of effort used to assign nonsubject heading access points izakovicm
Level of effort used to assign subject headings 201702160914
Level of effort used to assign classification izakovicm
Level of effort used to assign subject headings 201702130809
Level of effort used to assign classification pechova
Level of effort used to assign subject headings 201702010911
Level of effort used to assign classification edita
040 ## - CATALOGING SOURCE
Original cataloging agency TVZK
Language of cataloging slo
Transcribing agency UKB
Description conventions AACR2
041 0# - LANGUAGE CODE
Language code of text/sound track or separate title slo
044 ## - COUNTRY OF PUBLISHING/PRODUCING ENTITY CODE
MARC country code xo
ISO country code SK
072 #7 - SUBJECT CATEGORY CODE
Subject category code 821.162.4-3
Subject category code subdivision Slovenská próza
Source konspekt
080 ## - UNIVERSAL DECIMAL CLASSIFICATION NUMBER
Universal Decimal Classification number (0:82-312.4)
Edition identifier 2004
080 ## - UNIVERSAL DECIMAL CLASSIFICATION NUMBER
Universal Decimal Classification number (0:82-311.4)
Edition identifier 2004
080 ## - UNIVERSAL DECIMAL CLASSIFICATION NUMBER
Universal Decimal Classification number 821.162.4-31
Edition identifier 2004
100 1# - MAIN ENTRY--PERSONAL NAME
Personal name Hlavatá, Dana,
Dates associated with a name 1957-
245 10 - TITLE STATEMENT
Title Obžalovaná seďte!
Statement of responsibility, etc. Dana Hlavatá
250 ## - EDITION STATEMENT
Edition statement 1. vyd.
260 ## - PUBLICATION, DISTRIBUTION, ETC.
Place of publication, distribution, etc. Bratislava
Name of publisher, distributor, etc. Marenčin PT
Date of publication, distribution, etc. c2016
300 ## - PHYSICAL DESCRIPTION
Extent 253 s.
653 ## - INDEX TERM--UNCONTROLLED
Uncontrolled term 821.162.4-31
653 ## - INDEX TERM--UNCONTROLLED
Uncontrolled term (0:82-312.4)
653 ## - INDEX TERM--UNCONTROLLED
Uncontrolled term (0:82-311.4)
655 #7 - INDEX TERM--GENRE/FORM
Genre/form data or focus term slovenské romány
Source of term UKBPH
655 #7 - INDEX TERM--GENRE/FORM
Genre/form data or focus term kriminálne romány
Source of term UKBPH
655 #7 - INDEX TERM--GENRE/FORM
Genre/form data or focus term spoločenské romány
Source of term UKBPH
910 ## - USER-OPTION DATA (OCLC)
User-option data tvzk
910 ## - USER-OPTION DATA (OCLC)
User-option data totk
910 ## - USER-OPTION DATA (OCLC)
User-option data hevk
910 ## - USER-OPTION DATA (OCLC)
User-option data ukb
942 ## - ADDED ENTRY ELEMENTS (KOHA)
Source of classification or shelving scheme Dewey Decimal Classification
Koha item type Krásna literatúra pre dospelých
Suppress in OPAC No
949 ## - LOCAL PROCESSING INFORMATION (OCLC)
6 1800716215
a SJ.D.08796
b PV.2017-397
949 ## - LOCAL PROCESSING INFORMATION (OCLC)
6 1800716216
a SK.D.75923
b PV.2017-398
s 6707:20170220
Holdings
Stav vyradenia Strata Poškodenie Spôsob nadobudnutia Domovská knižnica Aktuálna knižnica Dátum nadobudnutia Total checkouts Čiarový kód exemplára Date last seen Typ exemplára
      Dar Obecná knižnica Turčianska Štiavnička Obecná knižnica Turčianska Štiavnička 02.03.2026   4738000189 02.03.2026 Krásna literatúra pre dospelých
Projekt je podporený Slovenskou asociáciou knižníc
Prevádzkuje Turčianska knižnica Martin 2026